|
|
|
|
| LEADER |
00000nam0a2200000 4500 |
| 001 |
304416 |
| 005 |
20231102001711.0 |
| 020 |
|
|
|a RU
|b 83-35807
|
| 035 |
|
|
|a (RuTPU)RU\TPU\book\329663
|
| 090 |
|
|
|a 304416
|
| 100 |
|
|
|a 20150914d1983 m y0rusy5003 ca
|
| 101 |
0 |
|
|a rus
|
| 102 |
|
|
|a RU
|
| 105 |
|
|
|a a z 000zy
|
| 200 |
1 |
|
|a Книга о Свиридове
|e размышления, высказывания, статьи, заметки
|f сост. А. А. Золотов
|
| 210 |
|
|
|a Москва
|c Советский композитор
|d 1983
|
| 215 |
|
|
|a 261 с.
|c ил.
|
| 600 |
|
1 |
|a Свиридов
|b Г. В.
|c русский композитор
|f 1915-1998
|g Георгий Васильевич
|2 stltpush
|3 (RuTPU)RU\TPU\pers\11085
|9 2460
|
| 606 |
|
|
|a Композиторы
|2 stltpush
|3 (RuTPU)RU\TPU\subj\15032
|9 41330
|
| 610 |
1 |
|
|a русская музыка
|
| 610 |
1 |
|
|a размышления
|
| 610 |
1 |
|
|a высказывания
|
| 610 |
1 |
|
|a заметки
|
| 675 |
|
|
|a 78.071.1
|v 3
|
| 702 |
|
1 |
|a Золотов
|b А. А.
|g Андрей Андреевич
|4 220
|
| 801 |
|
0 |
|a RU
|b RuMRKP
|c 19950704
|g psbo
|
| 801 |
|
1 |
|a RU
|b 63413507
|c 20150914
|
| 801 |
|
2 |
|a RU
|b 63413507
|c 20180315
|g RCR
|
| 942 |
|
|
|c BK
|